La Trapa de Fr. Mª Rafael, San Isidro de Dueñas (Record no. 123458)

MARC details
000 -LEADER
campo de control de longitud fija 00738nam a2200169 4500
001 - NÚMERO DE CONTROL
campo de control 123458
003 - IDENTIFICADOR DE NÚMERO DE CONTROL
campo de control ES-MaACL
005 - FECHA Y HORA DE LA ÚLTIMA TRANSACCIÓN
campo de control 20230906192157.0
007 - CAMPO FIJO DE DESCRIPCIÓN FÍSICA--INFORMACIÓN GENERAL
campo de control de longitud fija t|
008 - DATOS DE LONGITUD FIJA--INFORMACIÓN GENERAL
campo de control de longitud fija 070214s1962 sp r ||||1| spa d
100 1# - ENTRADA PRINCIPAL--NOMBRE DE PERSONA
Nombre de persona Rafael Arnáiz
Títulos y otros términos asociados al nombre Beato (
Fechas asociadas al nombre 1911-1938)
9 (RLIN) 94953
245 13 - MENCIÓN DEL TÍTULO
Título La Trapa de Fr. Mª Rafael, San Isidro de Dueñas
Resto del título : una visión gráfica de los monjes cistercienses de la Estrecha Observancia /
Mención de responsabilidad, etc. con textos de Fr. Mª Rafael Arnáiz Barón, seleccionados por los monjes de San Isidro de Dueñas [Palencia].
260 ## - PUBLICACIÓN, DISTRIBUCIÓN, ETC.
Lugar de publicación, distribución, etc. Madrid :
Nombre del editor, distribuidor, etc. El Perpetuo Socorro,
Fecha de publicación, distribución, etc. 1962.
300 ## - DESCRIPCIÓN FÍSICA
Extensión 60 p. :
Otras características físicas il. = retr. aut. ;
Dimensiones 28 cm.
710 2# - ENTRADA AGREGADA--NOMBRE DE ENTIDAD CORPORATIVA
Nombre de entidad corporativa o nombre de jurisdicción como elemento de entrada Abadía Cisterciense de San Isidro de Dueñas.
9 (RLIN) 1130
852 ## - LOCALIZACIÓN
Ubicación ES-MaACL
Número de control de estantería C-22343
Sublocalización o colección R.50336
Holdings
Estatus retirado Estado de pérdida Estado de daño No para préstamo Biblioteca de origen Biblioteca actual Ubicación en estantería Fecha de adquisición Fuente de adquisición Total de préstamos Signatura topográfica completa Código de barras Visto por última vez Precio de reemplazo Tipo de ítem Koha
        Biblioteca del Ateneo de Madrid Biblioteca del Ateneo de Madrid Galería 17/01/2008     C-22343 1128632 23/02/2023 23/02/2023 Libro impreso